[Event "TUR-chT Clubs"]
[Site "Konya"]
[Date "2019.07.17"]
[Round "2.22"]
[White "Yarici, Ferhat Oguzhan"]
[Black "Tekinyer, Ender"]
[Result "1-0"]
[WhiteElo "1254"]
[BlackElo "1244"]
[PlyCount "68"]
[EventDate "2019.07.16"]
[EventType "team-swiss"]
[EventRounds "9"]
[EventCountry "TUR"]
[SourceTitle "CBM 191 Extra"]
[Source "ChessBase"]
[SourceDate "2019.09.30"]
[SourceVersion "1"]
[SourceVersionDate "2019.09.30"]
[SourceQuality "1"]
[WhiteTeam "Tokat Ozgem Grup"]
[BlackTeam "Karaman Duru Bulgur"]
[WhiteTeamCountry "TUR"]
[BlackTeamCountry "TUR"]

1. d4 Nf6 2. Bg5 e6 3. e4 h6 4. Bxf6 Qxf6 5. Nf3 d5 6. e5 Qd8 7. Bd3 b6 8. 0-0 Bb7 9. c3 Nd7 10. Nbd2 c5 11. Re1 Be7 12. h3 Qc7 13. a4 a6 14. Bf1 g5 15. Nh2 0-0-0 16. g3 Rdg8 17. Bg2 h5 18. Re3 Qd8 19. Nhf1 Rg7 20. Nb3 g4 21. h4 c4 22. Nbd2 Nf8 23. b3 cxb3 24. Qxb3 Kb8 25. Rb1 Ka7 26. Qc2 Qc7 27. c4 dxc4 28. Bxb7 Qxb7 29. Nxc4 Nd7 30. Qb2 Rb8 31. Rb3 Qc6 32. Nfe3 Bd8 33. Nd6 Qxa4 34. Ra3 Qc6 1-0

[Event "TUR-chT2"]
[Site "Konya"]
[Date "2018.07.14"]
[Round "8.21"]
[White "Turhan, Fatih Enes"]
[Black "Tekinyer, Ender"]
[Result "0-1"]
[WhiteElo "1297"]
[BlackElo "1212"]
[PlyCount "152"]
[EventDate "2018.07.10"]
[EventType "team-swiss"]
[EventRounds "9"]
[EventCountry "TUR"]
[SourceTitle "EXT 2019"]
[Source "ChessBase"]
[SourceDate "2018.10.10"]
[SourceVersion "1"]
[SourceVersionDate "2018.10.10"]
[SourceQuality "1"]
[WhiteTeam "Harput Genclik"]
[BlackTeam "Erdem Kultur Egitim"]
[WhiteTeamCountry "TUR"]
[BlackTeamCountry "TUR"]

1. c4 Nf6 2. e3 e6 3. d4 c5 4. Nf3 b6 5. Be2 Bb7 6. h3 d5 7. b3 Be7 8. Nc3 0-0 9. 0-0 Nbd7 10. Ne5 Qc7 11. Nb5 Qb8 12. Nxd7 Nxd7 13. Ba3 a6 14. Nc3 Nf6 15. Na4 Qc7 16. Rc1 dxc4 17. bxc4 Rfd8 18. Qb3 Nd7 19. Rfd1 Bc6 20. Nc3 Rab8 21. d5 exd5 22. cxd5 Ba8 23. Bxa6 Ne5 24. Nb5 Qd7 25. d6 Qc6 26. e4 Bxd6 27. Qd5 Qxd5 28. exd5 h6 29. Nxd6 Rxd6 30. Bb2 Ng6 31. Be2 Rxd5 32. Bc4 Rxd1+ 33. Rxd1 Bc6 34. Rd6 Be4 35. a4 Kf8 36. Rd7 Ne7 37. Be5 Re8 38. Bc7 Bc6 39. Rd6 Bxa4 40. Rxb6 Rc8 41. Bd6 Ke8 42. Bxe7 Kxe7 43. Rb7+ Bd7 44. f3 f6 45. Kf2 Kd6 46. Ke3 Rc7 47. Rb3 Bf5 48. Kf4 Bc2 49. Rb2 Bg6 50. g4 Rd7 51. Ke3 Kc7 52. Rb3 Rd4 53. Be6 Rb4 54. Rc3 Kd6 55. Bc4 Bb1 56. f4 g5 57. f5 Kc6 58. Kf3 Rb2 59. Ra3 Rb6 60. Kg3 Kd7 61. Be6+ Kd8 62. h4 Bc2 63. Rc3 Be4 64. Rxc5 Rc6 65. Rc4 Rxc4 66. Bxc4 Ke7 67. h5 Kd6 68. Kf2 Kc5 69. Ke3 Bxf5 70. gxf5 Kxc4 71. Ke4 Kc5 72. Ke3 Kd5 73. Kf3 Ke5 74. Kg4 Ke4 75. Kg3 Kxf5 76. Kf3 g4+ 0-1

[Event "TUR-chT2"]
[Site "Konya"]
[Date "2017.07.09"]
[Round "1.17"]
[White "Cansel, Erol"]
[Black "Tekinyer, Ender"]
[Result "1-0"]
[WhiteElo "1419"]
[BlackElo "1252"]
[PlyCount "40"]
[EventDate "2017.07.09"]
[EventType "team-swiss"]
[EventRounds "9"]
[EventCountry "TUR"]
[SourceTitle "CBM 179 Extra"]
[Source "ChessBase"]
[SourceDate "2017.08.23"]
[SourceVersion "1"]
[SourceVersionDate "2017.08.23"]
[SourceQuality "1"]
[WhiteTeam "Burhaniye"]
[BlackTeam "Ozel Idare Karaman"]
[WhiteTeamCountry "TUR"]
[BlackTeamCountry "TUR"]

1. e4 e6 2. d4 c5 3. Nf3 cxd4 4. Nxd4 e5 5. Nf3 Nc6 6. Bc4 f6 7. Nc3 Bc5 8. Bxg8 Rxg8 9. Qd5 Bxf2+ 10. Kxf2 Ne7 11. Qb3 Rf8 12. Nb5 Qb6+ 13. Be3 Qc6 14. Rhd1 a6 15. Nd6+ Kd8 16. Bb6+ Qc7 17. Bxc7+ Kxc7 18. Qd3 Nc6 19. Nc4 b5 20. Qd6+ Kb7 1-0